Eastern Utah Libraries Catalog: Duchesne, Heber, Roosevelt, & Vernal

Lola / (Record no. 404646)

MARC details
000 -LEADER
fixed length control field 02864cam a2200685 i 4500
001 - CONTROL NUMBER
control field on1417470274
003 - CONTROL NUMBER IDENTIFIER
control field OCoLC
005 - DATE AND TIME OF LATEST TRANSACTION
control field 20250220150135.0
008 - FIXED-LENGTH DATA ELEMENTS--GENERAL INFORMATION
fixed length control field 240319s2024 nyua c 000 1 eng
010 ## - LIBRARY OF CONGRESS CONTROL NUMBER
LC control number 2024003956
020 ## - INTERNATIONAL STANDARD BOOK NUMBER
International Standard Book Number 9780593177006
Qualifying information (trade)
020 ## - INTERNATIONAL STANDARD BOOK NUMBER
International Standard Book Number 0593177002
020 ## - INTERNATIONAL STANDARD BOOK NUMBER
International Standard Book Number 9780593177013
Qualifying information (lib. bdg.)
020 ## - INTERNATIONAL STANDARD BOOK NUMBER
International Standard Book Number 0593177010
020 ## - INTERNATIONAL STANDARD BOOK NUMBER
Cancelled/invalid ISBN 9780593177020
Qualifying information (ebook)
035 ## - SYSTEM CONTROL NUMBER
System control number (OCoLC)1417470274
Canceled/invalid control number (OCoLC)1417471783
040 ## - CATALOGING SOURCE
Original cataloging agency DLC
Language of cataloging eng
Description conventions rda
Transcribing agency DLC
Modifying agency UAB
-- OCLCO
-- PZN
042 ## - AUTHENTICATION CODE
Authentication code pcc
043 ## - GEOGRAPHIC AREA CODE
Geographic area code n-mx---
050 00 - LIBRARY OF CONGRESS CALL NUMBER
Classification number PZ7.1.V336
Item number Ln 2024
082 00 - DEWEY DECIMAL CLASSIFICATION NUMBER
Classification number [Fic]
Edition number 23
092 ## - LOCALLY ASSIGNED DEWEY CALL NUMBER (OCLC)
Classification number junior fiction
Item number Valenti
100 1# - MAIN ENTRY--PERSONAL NAME
Personal name Valenti, Karla,
Relator term author.
9 (RLIN) 6426371
245 10 - TITLE STATEMENT
Title Lola /
Statement of responsibility, etc Karla Arenas Valenti ; illustrations by Islenia Mil.
250 ## - EDITION STATEMENT
Edition statement First edtion.
264 #1 - Production, Publication, Distribution, Manufacture, and Copyright Notice.
Place of production, publication, distribution, manufacture New York :
Name of producer, publisher, distributor, manufacturer Alfred A. Knopf,
Date of production, publication, distribution, manufacture, or copyr 2024.
300 ## - PHYSICAL DESCRIPTION
Extent 247 pages :
Other physical details illustrations ;
Dimensions 22 cm
336 ## - Content Type
Content type term text
336 ## - Content Type
Content type term still image
337 ## - Media type
Media type term unmediated
338 ## - Carrier type
Carrier type term volume
520 ## - SUMMARY, ETC.
Summary, etc Determined to save her brother from the Darkness that plagues their home, ten-year-old Lola follows mythical chaneques into a secret world where she seeks help from the queen.
521 ## - TARGET AUDIENCE NOTE
Target audience note Ages 8-12.
Source Alfred A. Knopf.
586 ## - AWARDS NOTE
Awards note Pura Belpré Children's Author Award Winner, 2025.
650 #0 - SUBJECT ADDED ENTRY--TOPICAL TERM
Topical term or geographic name as entry element Magic
Form subdivision Juvenile fiction.
9 (RLIN) 5673690
650 #0 - SUBJECT ADDED ENTRY--TOPICAL TERM
Topical term or geographic name as entry element Pura Belpré Award
9 (RLIN) 6365023
650 #0 - SUBJECT ADDED ENTRY--TOPICAL TERM
Topical term or geographic name as entry element Siblings
Form subdivision Juvenile fiction.
9 (RLIN) 6400603
650 #0 - SUBJECT ADDED ENTRY--TOPICAL TERM
Topical term or geographic name as entry element Psychic trauma
Form subdivision Juvenile fiction.
9 (RLIN) 5702711
650 #0 - SUBJECT ADDED ENTRY--TOPICAL TERM
Topical term or geographic name as entry element Mythology, Mexican
Form subdivision Juvenile fiction.
9 (RLIN) 6386313
650 #1 - SUBJECT ADDED ENTRY--TOPICAL TERM
Topical term or geographic name as entry element Magic
Form subdivision Fiction.
9 (RLIN) 5673694
650 #1 - SUBJECT ADDED ENTRY--TOPICAL TERM
Topical term or geographic name as entry element Siblings
Form subdivision Fiction.
9 (RLIN) 5708994
650 #1 - SUBJECT ADDED ENTRY--TOPICAL TERM
Topical term or geographic name as entry element Psychic trauma
Form subdivision Fiction.
9 (RLIN) 5706116
650 #1 - SUBJECT ADDED ENTRY--TOPICAL TERM
Topical term or geographic name as entry element Mexican mythology
Form subdivision Fiction.
9 (RLIN) 6539164
650 #6 - SUBJECT ADDED ENTRY--TOPICAL TERM
Topical term or geographic name as entry element Frères et sœurs
Form subdivision Romans, nouvelles, etc. pour la jeunesse.
9 (RLIN) 6539165
650 #6 - SUBJECT ADDED ENTRY--TOPICAL TERM
Topical term or geographic name as entry element Traumatisme psychique
Form subdivision Romans, nouvelles, etc. pour la jeunesse.
9 (RLIN) 6539166
650 #6 - SUBJECT ADDED ENTRY--TOPICAL TERM
Topical term or geographic name as entry element Mythologie mexicaine
Form subdivision Romans, nouvelles, etc. pour la jeunesse.
9 (RLIN) 6539167
650 #7 - SUBJECT ADDED ENTRY--TOPICAL TERM
Topical term or geographic name as entry element JUVENILE FICTION / Family / Siblings.
Source of heading or term bisacsh
9 (RLIN) 5679134
650 #7 - SUBJECT ADDED ENTRY--TOPICAL TERM
Topical term or geographic name as entry element JUVENILE FICTION / Fantasy & Magic.
Source of heading or term bisacsh
9 (RLIN) 5675426
650 #7 - SUBJECT ADDED ENTRY--TOPICAL TERM
Topical term or geographic name as entry element JUVENILE FICTION / People & Places / Mexico.
Source of heading or term bisacsh
9 (RLIN) 5718192
651 #0 - SUBJECT ADDED ENTRY--GEOGRAPHIC NAME
Geographic name Mexico City (Mexico)
Form subdivision Juvenile fiction.
9 (RLIN) 6365391
651 #0 - SUBJECT ADDED ENTRY--GEOGRAPHIC NAME
Geographic name Mexico
Form subdivision Juvenile fiction.
9 (RLIN) 5683763
651 #1 - SUBJECT ADDED ENTRY--GEOGRAPHIC NAME
Geographic name Mexico City (Mexico)
Form subdivision Fiction.
9 (RLIN) 5762479
651 #1 - SUBJECT ADDED ENTRY--GEOGRAPHIC NAME
Geographic name Mexico
Form subdivision Fiction.
9 (RLIN) 5675096
655 #7 - INDEX TERM--GENRE/FORM
Genre/form data or focus term Magic realist fiction.
Source of term lcgft
9 (RLIN) 5777669
655 #7 - INDEX TERM--GENRE/FORM
Genre/form data or focus term Novels.
Source of term lcgft
655 #7 - INDEX TERM--GENRE/FORM
Genre/form data or focus term Romans.
Source of term rvmgf
9 (RLIN) 6374904
700 1# - ADDED ENTRY--PERSONAL NAME
Personal name Mil, Islenia,
Relator term illustrator.
9 (RLIN) 6539168
776 08 - ADDITIONAL PHYSICAL FORM ENTRY
Display text Online version:
Main entry heading Valenti, Karla
Title Lola.
Edition First edtion
Place, publisher, and date of publication New York : Alfred A. Knopf, 2024.
International Standard Book Number 9780593177020
Record control number (DLC) 2024003957
942 ## - ADDED ENTRY ELEMENTS (KOHA)
Source of classification or shelving scheme Dewey Decimal Classification
Koha item type BOOK
Holdings
Withdrawn status Lost status Source of classification or shelving scheme Damaged status Not for loan Collection code Home library Current library Shelving location Date acquired Source of acquisition Total Checkouts Total Renewals Full call number Barcode Date last seen Date checked out Cost, replacement price Price effective from Koha item type
    Dewey Decimal Classification     Culturally Authentic Literature Wasatch County Library Wasatch County Library Main Floor Junior Area 02/20/2025 Amazon 2 4 J Valenti 34301002146654 08/11/2025 06/26/2025 17.99 02/20/2025 BOOK
This project was made possible through a grant from the Institute of Museum and Library Service administered by the Utah State Library Division.

Wasatch County Library

  • 465 East 1200 South, Heber City, Utah 84032
  • Phone 435-654-1511 | Fax 435-654-6456

Hours

  • Monday - Friday 9:30 AM - 8:00 PM
  • Saturday 9:30 AM - 1:30 PM
  • Closed Sundays and Holidays